State Birds of India - Statistics

General Stats
  • This quiz has been taken 10 times
  • The average score is 17 of 28
Answer Stats
Picture Hint Answer % Correct
Andaman and Nicobar Islands Andaman Wood Pigeon
86%
Ladakh Black-necked Crane
86%
Gujarat Greater Flamingo
86%
Tripura Green Imperial Pigeon
86%
Andhra Pradesh Rose-ringed Parakeet
86%
Uttar Pradesh Sarus Crane
86%
West Bengal White-throated Kingfisher
86%
Maharashtra Yellow-footed Green Pigeon
86%
Arunachal Pradesh, Kerala Great Hornbill
71%
Chandigarh Indian Gray Hornbill
71%
Sikkim Blood Pheasant
57%
Chhattisgarh, Meghalaya Common Hill Myna
57%
Punjab Eurasian Goshawk
57%
Uttarakhand Himalayan Monal
57%
Bihar, Delhi House Sparrow
57%
Madhya Pradesh Indian Paradise Flycatcher
57%
Jammu and Kashmir Kalij Pheasant
57%
Manipur, Mizoram Mrs. Hume's Pheasant
57%
Assam White-winged Duck
57%
Tamil Nadu Asian Emerald Dove
43%
Jharkhand, Puducherry Asian Koel
43%
Haryana Black Francolin
43%
Nagaland Blyth's Tragopan
43%
Goa Flame-throated Bulbul
43%
Rajasthan Great Indian Bustard
43%
Karnataka, Odisha, Telangana Indian Roller
43%
Lakshadweep Sooty Tern
43%
Himachal Pradesh Western Tragopan
43%
No matching quizzes found
Score Distribution
Percent of People with Each Score
Percentile by Number Answered
Your Score History
You have not taken this quiz